000 01317nam a2200337 i 4500
001 bg
003 BPK
005 20200428143121.0
008 970510s1994 pl a f f |001 0 pol
015 _aPB 1994/8179
020 _a8320417465
040 _aWA N
_cBPK
080 _a51
080 _a(075.8)
100 1 _aLeksiński, Wacław
_d(1932- ).
_eAutor
245 1 0 _aMatematyka :
_bdefinicje, twierdzenia, przykłady, zadania /
_cWacław Leksiński, Ireneusz Nabiałek, Wojciech Żakowski.
250 _aWyd. 4.
260 _aWarszawa :
_bWydawnictwa Naukowo-Techniczne,
_c1994.
300 _a494 s. :
_bwykr. ;
_c24 cm.
490 1 _aPodręczniki Akademickie. Elektronika, Informatyka, Telekomunikacja.
504 _aIndeks.
521 _aDla studentów kierunków elektroniki, informatyki i telekomunikacji wyższych szkół technicznych.
650 4 _aMatematyka
_xszkoły wyższe.
655 4 _aPodręczniki akademickie
700 1 _aNabiałek, Ireneusz
_d(1934- ).
710 2 _aWydawnictwa Naukowo-Techniczne
_4pbl.
700 1 _aŻakowski, Wojciech
_d(1929-1993)
_eAutor
856 _uhttp://koha.tu.koszalin.pl/cgi-bin/koha/opac-detail.pl?biblionumber=32028
_yKatalog online BPK
830 0 _aPodręczniki Akademickie
_pEIT
942 _2UKD
_cKS
999 _c32028
_d32028